00862nam a22002055i 4500001000700000003000900007005001700016008004100033040003000074100001900104245016000123260004500283300002000328490005700348650002900405700004100434830005700475852009900532852002500631165904ES-MaACL20250815062651.0981106q18901900sp |||| | spa d aCCPB | B bspa cCCPB | B1 aSupino, David.10aDerecho mercantil de David Supino / ctraducido de la cuarta edición y anotado extensamente con las diferencias del derecho español por Lorenzo Benito. aMadrid : bLa España Moderna, c[s.a.] a2 v. ; c22 cm.1 aBiblioteca de jurisprudencia, filosofía e historia 7aDerecho mercantil2embne1 aBenito y Endara, Lorenzo,d1855-193200aBiblioteca de jurisprudencia, filosofía e historia aES-MaACLjB-12252 z-- Enc. pasta española x-- Añadir en T260: (Sucesores de J. Cuadrado) aES-MaACLjF-14928-29